000 00586nam a2200205Ia 4500
005 20250923144702.0
008 008 250917s9999 xx 000 0 eng d
037 _aTextual
040 _aDSWL
_beng
_cDSWL
041 _aeng
_2eng
084 _azG, N58
_qDSWL
100 _aMahadeva, Prasad
_9827363
245 0 _aSocial philosophy of Mahatma Gandhi
_cby Prasad Mahadeva
260 _aGorakhpur
_bVIshwavidyalaya Prakashan
_c1958
300 _axvi,342p.
365 _aINR
_b12.50
925 _g12.50
942 _cTEXL
_hzG, N58
999 _c1442027
_d1442027